| 000 | 00000nam 2200000zi 4500 |
| 001 | 9.941000 |
| 003 | CaOODSP |
| 005 | 20240913100548 |
| 006 | m o d f |
| 007 | cr mn||||||||| |
| 008 | 240724e202312 onc ob f000 0 eng d |
| 020 | |a9780660729251 |
| 040 | |aCaOODSP|beng|erda|cCaOODSP |
| 043 | |an-cn--- |
| 086 | 1 |aJ4-166/2024E-PDF |
| 100 | 1 |aTait, Catherine, |eauthor. |
| 245 | 10|aOut-of-court dispute resolution for families experiencing separation or divorce in Canada / |cauthor, Catherine Tait, Catherine Tait Consulting. |
| 264 | 1|a[Ottawa] : |bDepartment of Justice Canada = Ministère de la justice Canada, |cDecember 2023. |
| 264 | 4|c©2023 |
| 300 | |a1 online resource (28 pages) |
| 336 | |atext|btxt|2rdacontent |
| 337 | |acomputer|bc|2rdamedia |
| 338 | |aonline resource|bcr|2rdacarrier |
| 500 | |aIssued also in French under title: Règlement extrajudiciaire des différends pour les familles vivant une séparation ou un divorce au Canada. |
| 504 | |aIncludes bibliographical references. |
| 650 | 0|aDivorce mediation|zCanada. |
| 650 | 0|aSeparation (Law)|zCanada. |
| 650 | 0|aDispute resolution (Law)|zCanada. |
| 710 | 1 |aCanada. |bDepartment of Justice, |eissuing body. |
| 775 | 08|tRèglement extrajudiciaire des différends pour les familles vivant une séparation ou un divorce au Canada / |w(CaOODSP)9.941003 |
| 856 | 40|qPDF|s411 KB|uhttps://publications.gc.ca/collections/collection_2024/jus/J4-166-2024-eng.pdf |
| 856 | 4 |qHTML|sN/A|uhttps://www.justice.gc.ca/eng/rp-pr/jr/dispute-differends/index.html |